01106nam a2200205 4500008004100000050001700041082002100058100003300079245014000112260003100252300002600283490003300309500004300342504002800385505035300413650003200766650003400798700003300832700003500865191023s2009 mx ||||| |||| 00| 0 spa d aKGF2817bA83 a343.08972bA16ey aAzar Manzur, Ceciliaeautora aLey mexicana de Arbitraje en Materia Comercialb: Análisis y comentarios al Título cuarto del Libro Quinto del Código de Comercio aMéxicob: Themisc, 2009 axxv, 29-169 páginas aColección Leyes Comentadas aIncluye: Glosario de Términos Anexos aBibliografía (p. 169) aComentarios al Título Cuarto del Libro Quinto del Código de Comercio Acuerdo de Arbitraje Composición del Tribunal Arbitral Competencia del Tribunal Arbitral Sustanciación de las Actuaciones Arbitrales Pronunciamiento del Laudo y Terminación de las Actuaciones De las Costas De la Nulidad del Laudo Reconocimiento y Ejecución de Laudos 14aARBITRAJE Y LAUDOzMÉXICO24aARBITRAJE COMERCIALzMÉXICO aOrtega López, Elsaeautora aGómez Ruano, Sofíaeautora